|
|
|
|
| LEADER |
00000nam a2200000 a 4500 |
| 001 |
vtls010537107 |
| 003 |
SK-MaSNL |
| 005 |
20260301214734.0 |
| 008 |
240314s2004 rb e 000 f srp |
| 015 |
|
|
|a SNBZSA2013-001465
|
| 020 |
|
|
|a 8671021300
|q (viaz.)
|
| 040 |
|
|
|a SNK
|b slo
|c SNK
|e AACR2
|
| 041 |
1 |
|
|a ser
|h ger
|
| 044 |
|
|
|a rb
|c RS
|
| 072 |
|
7 |
|a 821.112.2-3
|x Nemecká próza, nemecky písaná
|2 konspekt
|
| 080 |
|
|
|a 821.112.2-31
|2 2001
|
| 100 |
1 |
|
|a Rakusa, Ilma,
|d 1946-
|4 aut
|9 103207
|
| 240 |
1 |
4 |
|a Die Insel
|l Srbsky
|
| 245 |
1 |
0 |
|a Ostrvo
|c Ilma Rakuza ; preveo sa nemačkog Dušan Hajduk-Veljković
|
| 260 |
|
|
|a Beograd
|b Clio
|c 2004
|
| 300 |
|
|
|a 110 s.
|c 20 cm
|
| 490 |
1 |
|
|a Gral
|
| 504 |
|
|
|a Bibliogr. odkazy
|
| 655 |
|
7 |
|a nemecké romány
|2 SNKPH
|9 70433
|
| 655 |
|
7 |
|a German fiction
|2 SNKPHeng
|9 278913
|
| 752 |
|
|
|a Srbsko
|d Belehrad
|
| 830 |
|
0 |
|a Gral
|9 603558
|
| 919 |
|
|
|a 86-7102-130-0
|
| 958 |
|
|
|a ZS
|
| 958 |
|
|
|a SK
|
| 958 |
|
|
|a DE
|
| 958 |
|
|
|a UP
|
| 958 |
|
|
|a LX
|
| 999 |
|
|
|c 925772
|d 927702
|
| 952 |
|
|
|a SNK
|b SNK
|y PREZ
|7 0
|p 17A1083025
|o snkSD 82433
|i snk2013/21376
|8 2
|g 5.00
|0 0
|1 0
|4 0
|d 2013-08-21
|l 0
|r 2025-12-04 00:00:00
|w 2026-02-24
|